CONCISE ANATOMY & PHYSIOLOGY (Record no. 7962)

MARC details
000 -LEADER
fixed length control field 00322nam a2200133Ia 4500
082 ## - DEWEY DECIMAL CLASSIFICATION NUMBER
Classification number 611
Item number C 14 A
100 ## - MAIN ENTRY--PERSONAL NAME
Personal name ASGFAR, AELIL
245 ## - TITLE STATEMENT
Title CONCISE ANATOMY & PHYSIOLOGY
250 ## - EDITION STATEMENT
Edition statement 1 ST
260 ## - PUBLICATION, DISTRIBUTION, ETC. (IMPRINT)
Name of publisher, distributor, etc SCIENTITY. INT.PUB. DELHI
Year of Publication 2014
300 ## - PAGE DESCRIPTION
No. of Pages 380
942 ## - ADDED ENTRY ELEMENTS (KOHA)
Source of classification or shelving scheme Dewey Decimal Classification
Koha item type Books
Holdings
Withdrawn status Lost status Source of classification or shelving scheme Damaged status Not for loan Collection code Home library Current library Date acquired Vendor Name Cost, normal purchase price SGTU Bill Number Total Checkouts Full call number Accession No. (Barcode) Date last seen Date last borrowed Bill Date Koha item type
    Dewey Decimal Classification     AYURVEDA SGT FA-FP Library SGT FA-FP Library 14/09/2015 ABC DELHI 350.00 SGTU 5567 1 611 C 14 A FA2333 21/05/2016 21/05/2016 31/03/2015 Books